Least Guessed Most Guessed Asian Countries - Statistics

General Stats
  • This quiz has been taken 1,845 times
  • The average score is 3 of 5
Answer Stats
Hint Answer % Correct
79% Iraq
64%
70% Mongolia
64%
81% Pakistan
62%
82% Iran
58%
85% North Korea
50%
No matching quizzes found
Score Distribution
Percent of People with Each Score
Percentile by Number Answered
Your Score History
You have not taken this quiz